1448 1239 1605 1482 1348 1038 1752 1362 1992 1730 1451 1675 1282 1177 1034 1443 1921 1847 1370 1163 1569 1816 1868 1571 1389 1192 1311 1686 1246 1738 1947 1764 1864 1393 1939 1953 1757 1828 1947 1483 1700 1174 1541 1604 1724 1067 1522 1538 1441 1620 1486 1886 1341 1867 1112 1623 1025 1824 1658 1354 1769 1052 1252 1677 1521 1072 1871 1250 1672 1499 1467 1598 1919 1058 1848 1958 1833 1908 1601 1779 1882 1129 1809 1964 1496 1266 1584 1454 1285 1078 1924 1750 1047 1843 1241 1770 1472 1876 1277 BCNSPRNW ULIB Ver.6.0+V

เปลี่ยนเป็นภาษาไทย

Change to English
 แสดงรายละเอียดบรรณานุกรม
  กลับหน้าหลัก

Brief Record : Get Marc (ISO 2709) : E-mail record : QR code < ปิดหน้าต่าง
LEADER : 00000nam 2200000uu 4500
001    13399127469
003     ULIB
008    200604s2017||||th 000 0 tha d
020    ^a9781520673936 (pbk.)
050  4 ^aPE1128^bE48TG
100 1  ^aElmetaher, Hosam
245 10 ^aTOEFL ITP test.^pGrammar /^cHosam Elmetaher
260    ^a[Great Britain :^bHosam Elmetaher],^c2017
300    ^av, 95 p. ;^c28 cm.
650  0 ^aTest of English as a Foreign Language^vStudy guides
650  0 ^aEnglish language^vTextbooks for foreign speakers
650  0 ^aEnglish language^xGrammar
650  0 ^aEnglish language^xExaminations
653    ^aTOEFL
945    ^p0^l0^i28376
999    ^aกัณชพร จุลอักษร
รายการนี้ยังไม่มีแท็ก
คุณยังไม่ได้ล็อกอิน คุณสามารถมีกิจกรรมร่วมกับเว็บไซต์ได้ แต่ต้องล็อกอินก่อน ::
  ล็อกอิน

รายการสื่อสารสนเทศ

ลำดับที่ ประเภท เลขเรียก/บาร์โค้ด สถานที่ สถานะ
1. หนังสือสำรอง
หนังสือสำรอง
PE1128 E48TG ฉ.1 
  Barcode: 28376
ห้องสมุดวิทยาเขตนครสวรรค์
►หนังสือทั่วไป:l:General Books
บนชั้น

รายการใกล้เคียง
    ผู้แต่ง [Elmetaher, Hosam]

    หัวเรื่อง [English language Grammar]

BibComment


ยังไม่เคยถูกคอมเมนท์

คอมเมนท์ทรัพยากรรายการนี้
  คอมเมนท์: TOEFL ITP test G..


 Copyright 2026. Bcnsprnw @Library